00198nam a2200085 4500082001200000245004900012260002300061300000700084490002100091 a666 TAN aCeramic materials unit ii Experimental copy aNawalabOUSLc2001 a98 alevel 5 CHU 3237